Indovina le Bandiere delle Regioni Italiane Disegnate Male - Statistics

Statistiche generali
  • Questo quiz è stato fatto 1.303 volte
  • Il punteggio medio è 14 su 20
Statistiche sulle risposte
con Immagini Risposta % Corretto
Sardegna
96%
Sicilia
95%
Lombardia
89%
Veneto
84%
Campania
70%
Piemonte
70%
Emilia Romagna
69%
Lazio
69%
Abruzzo
65%
Marche
65%
Valle d’Aosta
65%
Puglia
63%
Liguria
62%
Toscana
62%
Basilicata
60%
Calabria
60%
Molise
58%
Friuli Venezia Giulia
54%
Trentino Alto Adige
54%
Umbria
54%
Nessun quiz corrispondente trovato
Distribuzione punteggi
Percentuale di utenti per punteggio
Percentile per numero di risposta
I tuoi punteggi nel tempo
Non hai fatto questo quiz